| 000 | 00616nam a2200157 a 4500 | ||
|---|---|---|---|
| 001 | 000033269 | ||
| 005 | 20200930070135.0 | ||
| 008 | 110823s1927 dr ac 000 0 spa d | ||
| 040 |
_aDO-SdBNP _bspa _cBNPHU |
||
| 082 | _axxxx | ||
| 110 | 1 |
_aRepública Dominicana. _bSecretaría de Estado de Agricultura e Inmgración, _bEstación Nacional Agronomica y Colegio de Agricultura de Moca _958878 |
|
| 245 | 1 | 0 | _aSegundo informe anual de la Estación Nacional Agronómica de Moca. |
| 260 |
_aSanto Domingo, : _bImprenta de J. R. Vda. García, Sucesores, _c1927. |
||
| 300 |
_a153 p. : _bil., retr. ; _c31 cm. |
||
| 049 | _aBNPD | ||
| 999 |
_c32760 _d32760 |
||